Le marxisme et l'economie sovietique
Đã lưu trong:
| 主要作者: | |
|---|---|
| 格式: | 圖書 |
| 語言: | Undetermined |
| 出版: |
Moscou
Editions de l'Agence de Presse Novosti
|
| 主題: | |
| 標簽: |
添加標簽
沒有標簽, 成為第一個標記此記錄!
|
| Thư viện lưu trữ: | Trung tâm Học liệu Trường Đại học Cần Thơ |
|---|
| LEADER | 00494nam a2200169Ia 4500 | ||
|---|---|---|---|
| 001 | CTU_84935 | ||
| 008 | 210402s9999 xx 000 0 und d | ||
| 082 | |a 330.9 | ||
| 082 | |b K45 | ||
| 100 | |a Guennadi Khromouchine | ||
| 245 | 0 | |a Le marxisme et l'economie sovietique | |
| 245 | 0 | |c Guennadi Khromouchine | |
| 260 | |a Moscou | ||
| 260 | |b Editions de l'Agence de Presse Novosti | ||
| 650 | |a U.S.S.R | ||
| 650 | |x economic development | ||
| 980 | |a Trung tâm Học liệu Trường Đại học Cần Thơ | ||